000
00311nam a2200121Ia 4500
008
230303s9999 xx 000 0 und d
041
_a
eng
082
_a
621.3192 SAY
100
_a
SAY (M.G.)
245
_a
The Performance And Design Of Alternating Current Machines
260
_a
Delhi
_b
CBS Pub
365
_c
RS
999
_c
197430
_d
197430